000
00346nam a2200145Ia 4500
003
OSt
005
20240104104156.0
008
170523s9999 xx 000 0 und d
020
_a
9788126518197
040
_c
IIMT UNIVERSITY
100
_a
Randolph- Nick
245
0
_a
Professional Visual Studio 2008
260
_a
Wiley India
942
_2
ddc
_c
02
999
_c
12324
_d
12324